000 00413cam a22001097a 4500
008 180718b1973 xxu||||| |||| 00| 0 eng d
082 _aQ5x42 Un3ab
245 _aReport of the committee on abuse of social security benefits
_cby Department of Health & Social Security, London
260 _aLondon
_bHer Majesty's Stationery Office
_c1973
300 _axii,297p.
700 _aU.K. Department of Health & Social Security
999 _c495491
_d495491